000 01211cam a2200229 4500
001 WB4022-01
008 040610n2004 000 0 eng u
035 _a(Sirsi) u126446
245 _aScottish construction industry lacks workers
260 _c2004
490 _aCITB Press Release
_v 27 May 2004 (2)
520 _aThe Scottish Deputy Minister for Enterprise and Lifelong Learning has launched the results of a survey which found that nearly 20% of construction employers in Scotland have vacancies. "Scottish construction skills survey" is based on results collected in August and September 2003 from 2 000 interviews. 7% of those interviewed reported vacancies relating to skills shortages. It is hoped that the findings will help to ensure that plans to address skills shortages are targeted effectively. Full report of the results of the survey is available from http://www.futureskillsscotland.org.uk. http://www.citb.org.uk/news/press-releases/default .asp
590 _aWB
590 _aWB
650 _aSKILLS SHORTAGE
650 _aLABOUR SHORTAGES
650 _aSURVEYS
650 _aSCOTLAND
650 _aCONSTRUCTION SKILLS
690 _aBUILDING AND CONSTRUCTION
942 _n0
999 _c117494
_d117494